The Optimist's Daughter /

Αποθηκεύτηκε σε:
Λεπτομέρειες βιβλιογραφικής εγγραφής
Κύριος συγγραφέας: Welty, Eudora (autor)
Μορφή: Βιβλίο
Γλώσσα:Αγγλικά
Έκδοση: Franklin Center, EUA : Franklin Library, 1980, c1980
Ετικέτες: Προσθήκη ετικέτας
Δεν υπάρχουν, Καταχωρήστε ετικέτα πρώτοι!

MARC

LEADER 00000nam^a2200000^a^4500
001 000431524
005 20250526000000.0
009 20260310122952.7
037 |a Acervo ITESO - Biblioteca 
041 |a ING 
091 |a FHM. 05578 
100 |a Welty, Eudora  |e (autor) 
245 1 4 |a The Optimist's Daughter / 
264 4 |a Franklin Center, EUA :  |b Franklin Library,  |c 1980, c1980 
300 |a 194 p. +  |e 1 folleto (22 p.) ;  |c 22.5 cm. 
336 |a texto  |b txt  |2 rdacontenido 
337 |a sin mediación  |b n  |2 rdamedio 
338 |a volumen  |b nc  |2 rdasoporte 
649 |a XX 
910 |a Fondo Hugo B. Margáin 
920 |a Impresos - Libros 
930 |a Libros Antiguos y Raros 
940 |a Literatura 
905 |a 126 
901 |a 0500303065  |b IT2  |c LRA  |i D119919  |u 20250526 
901 |a 0500317928  |b IT2  |c LRA  |i D107770  |u 20250526 
902 |a https://opac.biblio.iteso.mx/vufind/Record/000431524